000 00709nam a2200265Ia 4500
005 20260302115028.0
008 008 260114s9999 xx 000 0 eng d
020 _a9781474269575
037 _aTextbook
040 _aCRL
040 _beng
040 _cCRL
041 _2eng
041 _aeng
084 _qCRL
100 _aCorinna Wagner and Andy Brown
_91120485
245 2 _aA Body of Work: An Anthology of Poetry and Medicine
260 _bBloomsbury
260 _bBloomsbury Academic
260 _c2016
650 _aLiterary Studies
856 _uhttps://doi.org/10.5040/9781474269575?locatt=label:secondary_bloomsburyCollections
942 _cEBOOK
999 _c1684693
_d1684693